Cuentos de lumbre y pesadumbre / (Record no. 181911)

MARC details
000 -LEADER
campo de control de longitud fija 00767nam a2200253 i 4500
001 - NÚMERO DE CONTROL
campo de control 181911
003 - IDENTIFICADOR DE NÚMERO DE CONTROL
campo de control ES-MaACL
005 - FECHA Y HORA DE LA ÚLTIMA TRANSACCIÓN
campo de control 20231019171453.0
008 - DATOS DE LONGITUD FIJA--INFORMACIÓN GENERAL
campo de control de longitud fija 130506s2011 sp | |||||||| | spa d
020 ## - NÚMERO INTERNACIONAL ESTÁNDAR DEL LIBRO
Número Internacional Estándar del Libro 978-84-15021-12-4
035 ## - NÚMERO DE CONTROL DEL SISTEMA
Número de control de sistema (OCoLC)776283922
080 ## - NÚMERO DE LA CLASIFICACIÓN DECIMAL UNIVERSAL
Número de la Clasificación Decimal Universal 821.134.2-32"19"
100 1# - ENTRADA PRINCIPAL--NOMBRE DE PERSONA
Nombre de persona Plaza, Carmen.
9 (RLIN) 145185
245 10 - MENCIÓN DEL TÍTULO
Título Cuentos de lumbre y pesadumbre /
Mención de responsabilidad, etc. Carmen Plaza.
250 ## - MENCION DE EDICION
Mención de edición 1ª ed.
260 ## - PUBLICACIÓN, DISTRIBUCIÓN, ETC.
Lugar de publicación, distribución, etc. Barcelona :
Nombre del editor, distribuidor, etc. Carena,
Fecha de publicación, distribución, etc. 2011.
300 ## - DESCRIPCIÓN FÍSICA
Extensión 134 p. ;
Dimensiones 21 cm.
490 1# - MENCIÓN DE SERIE
Mención de serie Narrativa ;
Designación de volumen o secuencia 055
830 0# - PUNTO DE ACCESO ADICIONAL DE SERIE-TÍTULO UNIFORME
Título uniforme Narrativa ;
Designación de volumen o secuencia 055
9 (RLIN) 177839
852 ## - LOCALIZACIÓN
Ubicación ES-MaACL
Número de control de estantería A-12599
itemnumber 188819
Sublocalización o colección R.148638
Ubicación en estantería Depósito 1
Signatura antigua Olim: N-5602
Encuadernación Donación: Carmen Plaza
903 ## - NOMBRE PERSONAL DE DONANTE
9 145185
a Plaza, Carmen
e Donante
942 ## - ELEMENTOS DE ENTRADA SECUNDARIOS (KOHA)
Fuente del sistema de clasificación o colocación Clasificación decimal universal
Tipo de ítem Koha Libro impreso
Holdings
Estatus retirado Estado de pérdida Fuente del sistema de clasificación o colocación Estado de daño No para préstamo Biblioteca de origen Biblioteca actual Ubicación en estantería Fecha de adquisición Fuente de adquisición Total de préstamos Signatura topográfica completa Código de barras Visto por última vez Precio de reemplazo Tipo de ítem Koha
    Clasificación decimal universal     Biblioteca del Ateneo de Madrid Biblioteca del Ateneo de Madrid Depósito 1 06/05/2013 Donación   A-12599 1191169 23/02/2023 23/02/2023 Libro impreso